| 000 | 00679nam a2200277Ia 4500 | ||
|---|---|---|---|
| 003 | OSt | ||
| 005 | 20221005081659.0 | ||
| 006 | a|||||r|||| 00| 0 | ||
| 007 | ta | ||
| 008 | 221004b |||||||| |||| 00| 0 eng d | ||
| 020 | _a812191213X | ||
| 024 | _a23813 | ||
| 037 | _cTextual | ||
| 040 |
_aCRL _cCRL _beng |
||
| 041 |
_2eng _aeng |
||
| 082 | _aI6, L6;N9.5 | ||
| 100 |
_aVasishta P C _9610985 |
||
| 245 | 0 | _aBotany for degree students | |
| 260 |
_aNew Delhi _bS Chand India _c1999 |
||
| 300 |
_a500p. _ccm. |
||
| 490 | _vV5 | ||
| 650 | _a BOTANY | ||
| 650 | _aBOTANY | ||
| 942 |
_hI6, L6;N9.5 _cTEXL _2cc |
||
| 999 |
_c988107 _d988107 |
||